Fastest Nürburgring Nordschleife Lap Times - Statistics

General Stats
  • This quiz has been taken 151 times
    112 since last reset
  • The average score is 13 of 28
Answer Stats
type Time Car % Correct
Production 6:59.42 Porsche 911 GT3 Manthey Performance Kit (992.1, 2022)
88%
Production 6:54.99 Porsche 911 GT3 RS
88%
Production 6:44.848 Porsche 911 GT3 RS (992)
88%
Production 6:47.25 Porsche 911 GT2 RS (911.2)
85%
Production 6:58.28 Porsche 911 GT2 RS (991.2)
85%
Production 6:38.835 Porsche 911 GT2 RS MR (911.2)
85%
Production 6:30.705 Mercedes-AMG One
73%
Non-Series 5:19.546 Porsche 919 Hybrid EVO
67%
Production 6:43.616 Mercedes-AMG GT Black Series
56%
Production 6:52.54 Mercedes-AMG GT Black Series
56%
Production 6:44.97 Lamborghini Aventador SVJ LP770-4 (2018)
47%
Production 6:55.34 Porsche 911 GT3 (992.1, 2022)
43%
Production 6:56.4 Porsche 911 GT3 RS (991.2)
43%
Production 6:59.73 Lamborghini Aventador SuperVeloce LP750-4 (2015)
41%
Production 6:52.01 Lamborghini Huracán Performante LP640-4 (2017)
39%
Non-Series 6:43.22 McLaren P1 XP1 LM Prototype
39%
Non-Series 6:40.33 Porsche 911 GT2 RS MR (991.2) by Manthey Racing
37%
Production 6:57 Porsche 918 Spyder
35%
Production 6:58.092 Porsche Cayman GT4 RS Manthey Performance Kit (982)
35%
Production 6:58.70 Ferrari 296 GTB
27%
Non-Series 6:05.336 Volkswagen ID.R
27%
Non-Series 6:47.50 Pagani Zonda R
21%
Non-Series 6:24.047 Lotus Evija X
16%
Production 6:55 Radical SR8
11%
Production 6:48.28 Radical SR8 LM
11%
Non-Series 6:45.90 NIO EP9
7%
Non-Series 6:57.578 Subaru WRX STI Type RA NBR Special
7%
Non-Series 6:58.16 Ferrari 599XX
4%
No matching quizzes found
Score Distribution
Percent of People with Each Score
Percentile by Number Answered
Your Score History
You have not taken this quiz since the last reset